Famous People with Spanish Names - Statistics

General Stats
  • This quiz has been taken 39 times
  • The average score is 8 of 15
Answer Stats
Hint Answer % Correct
Argentina's greatest football player of the 20th century {Diego} Maradona
100%
Spanish Surrealist painter {Salvador} Dalí
92%
Spanish author of "Don Quixote" {Miguel} de Cervantes
78%
Mexican-American guitarist, a founding member of the band that shares his last name {Carlos} Santana
76%
American actor who won a Best Actor Oscar for his role in "Joker" {Joaquin} Phoenix
65%
Irish lead singer of The Cranberries {Dolores} O'Riordan
59%
1960s Hollywood actor known for her role in "One Million Years B.C." {Raquel} Welch
59%
Brazilian singer who wore distinctive fruit hats {Carmen} Miranda
46%
One of the Three Tenors {José} Carreras
46%
Mexican filmmaker and Best Director Oscar winner for "The Shape of Water" {Guillermo} del Toro
43%
Chilean-American television actor who starred as Din Djarin in "The Mandalorian" {Pedro} Pascal
43%
American actor known for her role as Ahsoka Tano in the Star Wars franchise {Rosario} Dawson
43%
"The world's most widely-read Spanish language author" {Isabel} Allende
41%
Youngest son of David and Victoria Beckham, and a singer himself {Cruz} Beckham
32%
Columbian actor whose 2004 performance in "Maria, Full of Grace" was nominated for an Oscar {Catalina} Sandino Moreno
3%
No matching quizzes found
Score Distribution
Percent of People with Each Score
Percentile by Number Answered
Your Score History
You have not taken this quiz